Say what you mean get what you want : a businessperson's guide to direct communication

Bibliographic Details
Main Author: C.Tingley,Judith
Format: Book
Published: Mumbai : Magna Graphics , 2003
Subjects:

MARC

LEADER 00000cam a2200000 7i4500
001 0000015904
005 20241118090615.0
008 080416
020 |a 817809164x 
020 |a 9788178091648 
090 0 0 |a 658.45   |b TIN 
100 1 |a C.Tingley,Judith 
245 1 0 |a Say what you mean get what you want :   |b a businessperson's guide to direct communication   |c Judith C.Tingley 
260 |a Mumbai :   |b Magna Graphics ,   |c 2003 
650 0 |a Business communication 
650 0 |a Communication in management 
650 0 |a Oral communication 
999 |a 0001014361   |b Book   |c Adult Collection   |e Perbadanan Perpustakaan Awam Johor